Normal view
MARC view
- EDMONDS,I.G
Entry Personal Name
001 - CONTROL NUMBER
- control field: 133374
003 - CONTROL NUMBER IDENTIFIER
- control field: NUST
005 - DATE AND TIME OF LATEST TRANSACTION
- control field: 20260223125010.0
008 - FIXED-LENGTH DATA ELEMENTS
- fixed length control field: 260223|| aca||aabn | a|a d
040 ## - CATALOGING SOURCE
- Original cataloging agency: NUST
- Transcribing agency: NUST
100 ## - HEADING--PERSONAL NAME
- Personal name: EDMONDS,I.G
670 ## - SOURCE DATA FOUND
- Source citation: Work cat.: (NUST): EDMONDS,I.G., D.D.HOME THE MAN WHO TALKED WITH GHOSTS /, 1978.
